000 00406 a2200157 4500
001 61053
020 _a8585142162
040 _cAnchieta - Pituba
100 _aMendes, Gilmar Ferreira
240 1 0 _aManual de redação da presidência da república
_lpor
245 1 0 _aManual de redação da presidência da república
300 _a320
362 0 _a1991
650 4 _aLíngua Portuguesa
942 _cBK
999 _c61053
_d61053